000 00320nam a22001457a 4500
003 OSt
008 220521b ||||| |||| 00| 0 eng d
020 _a9781473637467
082 _a155.9 ROF
100 _aROSLING,Hans
245 _aFact Fulness
260 _aLondon
_bSceptre
_c2018
300 _a342
942 _2ddc
_cBK
999 _c11246
_d11246